Moral Aesthetics: (Record no. 173424)

MARC details
000 -LEADER
fixed length control field 00656nam a22001937a 4500
005 - DATE AND TIME OF LATEST TRANSACTION
control field 20200224170051.0
010 ## - LCCN (DPL NO)
LC control number ENG-127941
020 ## - INTERNATIONAL STANDARD BOOK NUMBER
International Standard Book Number 9788179665015
Terms of availability 180.00
035 ## - SYSTEM CONTROL NUMBER
System control number EN-111473
037 ## - SOURCE OF ACQUISITION
Source of stock number/acquisition DBAD/PUB
082 ## - DEWEY DECIMAL CLASSIFICATION NUMBER
Classification number 881
100 ## - MAIN ENTRY--PERSONAL NAME
Personal name M Elangovan
245 ## - TITLE STATEMENT
Title Moral Aesthetics:
Remainder of title An Anthology of Avvaiyar's Didactic Poetry/
Statement of responsibility, etc by M Elangovan
260 ## - PUBLICATION, DISTRIBUTION, ETC. (IMPRINT)
Place of publication, distribution, etc Chennai
Name of publisher, distributor, etc Olivannan Gopalakrishnan Emerald Publishers
Date of publication, distribution, etc 2019
270 ## - ADDRESS
Address 15/A, First Floor, Casa Major Road Egmore,
City Chennai
Postal code 600008
Telephone number +914428193206,42146994
Electronic mail address info@emeraldpublishers.com
300 ## - PHYSICAL DESCRIPTION
Extent 117p.
Dimensions 22cm(pbk)
500 ## - GENERAL NOTE
General note <br/>
942 ## - ADDED ENTRY ELEMENTS (KOHA)
Source of classification or shelving scheme Dewey Decimal Classification
Item type English Books
Classification part 881
Call number suffix MEL
Holdings
Withdrawn status Lost status Not for loan Collection code Home library Current library Date acquired Source of acquisition Cost, normal purchase price Full call number Barcode Copy number Cost, replacement price Koha item type
      Non-fiction Central Library Central Library 24/02/2020 DBAD/PUB 180.00 881 MEL EN-111473 1 180.00 English Books

© Delhi Public Library
Hit Counter
free hit counter